Science Quiz

Random Science or Grab Bag Quiz
Score 0/30 Timer 05:00
0 Plays Today
Question Answer % Correct
What makes up over 99% of a Giant Panda's diet?Bamboo
93.3%
What gemstone is naturally secreted inside an oyster?Pearl
91.7%
What is the largest living species of cat?Tiger
89.5%
Elephant's tusks are composed of what hard, white material?Ivory
88.4%
Spinner & Bottlenose are species of what animal?Dolphin
88.2%
Which biologist popularized the idea of natural selection?Darwin
86.3%
The female of what animal is known as a vixen?Fox
82%
In which vertebrate class are young nursed with milk?Mammals
81%
Name either of the animals found on Mexico's flag.Eagle, Snake
75.2%
In which major mountain range would you find alpacas?Andes
73.4%
A group of crows is known by what collective name?Murder
72.5%
Which bird species is the largest alive today?Ostrich
72.4%
A frugivore is an animal that feeds mainly on what?Fruit
71.7%
Jane Goodall is known for studying what animals?Chimpanzees
71.1%
What is the name for an infant marsupial?Joey
70.7%
Question Answer % Correct
Which insect body segment is between the head & abdomen?Thorax
66.6%
Frogs & salamanders are members of what vertebrate class?Amphibians
65.7%
Instead of bones, what makes up a shark's skeleton?Cartilage
65.3%
What species of whale was Moby-Dick?Sperm Whale
65.3%
By what name are male honey bees known?Drone
57.2%
The wildebeest is also known by what 3-letter name?Gnu
50%
Ursus maritimus is the scientific name for what animal?Polar Bear
49.3%
Which species of camel has only one hump?Dromedary
48.7%
What animal is depicted in the constellation Cygnus?Swan
47.1%
Exceeding 240 mph, what falcon is the world's fastest bird?Peregrine
46.3%
In which country would you find the kakapo & the giant weta?New Zealand
44.8%
Ovine is an adjective that describes what sort of mammal?Sheep
40.3%
Squid have 8 arms and a pair of what other appendage?Tentacles
35%
What sort of animal would you find living in a vespiary?Wasp
31.5%
The dodo was native to which Indian Ocean island nation?Mauritius
29.3%
Remove Ads.
Support Sporcle.
Get the best of Sporcle when you Go Orange. This ad-free experience offers more features, more stats, and more fun while also helping to support Sporcle. Thank you for becoming a member.

You're not logged in!

Compare scores with friends on all Sporcle quizzes.
OR
Log In

Sporcle TV

Today on Sporcle TV


Watch our educational content, quiz creation guides, and fun videos on Sporcle TV.

Show Comments

Extras

Top Quizzes Today


Score Distribution

Paid Content

Your Account Isn't Verified!

In order to create a playlist on Sporcle, you need to verify the email address you used during registration. Go to your Sporcle Settings to finish the process.

Report this User

Report this user for behavior that violates our Community Guidelines.

Details: